Data mining : concepts and techniques (Record no. 11988)

000 -LEADER
fixed length control field 01337cam a22003614a 4500
001 - CONTROL NUMBER
control field 9059987
005 - DATE AND TIME OF LATEST TRANSACTION
control field 20170105102352.0
006 - FIXED-LENGTH DATA ELEMENTS--ADDITIONAL MATERIAL CHARACTERISTICS
fixed length control field m d
007 - PHYSICAL DESCRIPTION FIXED FIELD--GENERAL INFORMATION
fixed length control field cr n
008 - FIXED-LENGTH DATA ELEMENTS--GENERAL INFORMATION
fixed length control field 110405s2011 maua s 000 0 eng d
020 ## - INTERNATIONAL STANDARD BOOK NUMBER
International Standard Book Number 9780123814791
035 ## - SYSTEM CONTROL NUMBER
System control number (WaSeSS)ssj0000507801
040 ## - CATALOGING SOURCE
Original cataloging agency DLC
Transcribing agency DLC
Modifying agency DLC
-- WaSeSS
042 ## - AUTHENTICATION CODE
Authentication code pcc
050 #4 - LIBRARY OF CONGRESS CALL NUMBER
Classification number QA76.9.D343
Item number H36 2011
082 00 - DEWEY DECIMAL CLASSIFICATION NUMBER
Classification number 006.312
Edition number 22
100 1# - MAIN ENTRY--PERSONAL NAME
Personal name Han, Jiawei.
210 10 - ABBREVIATED TITLE
Abbreviated title Data mining
245 10 - TITLE STATEMENT
Title Data mining : concepts and techniques
Remainder of title concepts and techniques
Statement of responsibility, etc. Jiawei Han, Micheline Kamber, Jian Pei.
250 ## - EDITION STATEMENT
Edition statement 3rd ed.
260 ## - PUBLICATION, DISTRIBUTION, ETC.
Place of publication, distribution, etc. Burlington, MA :
Name of publisher, distributor, etc. Elsevier,
Date of publication, distribution, etc. c2011.
300 ## - PHYSICAL DESCRIPTION
Extent xxxv, 703 p.
Other physical details ill.;
Dimensions 25 cm.
500 ## - GENERAL NOTE
General note Includes index
506 ## - RESTRICTIONS ON ACCESS NOTE
Terms governing access License restrictions may limit access.
650 #0 - SUBJECT ADDED ENTRY--TOPICAL TERM
Topical term or geographic name entry element Data mining.
700 1# - ADDED ENTRY--PERSONAL NAME
Personal name Kamber, Micheline.
773 #0 - HOST ITEM ENTRY
Title Safari Technical Books (Current File)
773 #0 - HOST ITEM ENTRY
Title ScienceDirect Computer Science eBook Collection 2011
856 40 - ELECTRONIC LOCATION AND ACCESS
Uniform Resource Identifier <a href="http://www.columbia.edu/cgi-bin/cul/resolve?clio9059987.001">http://www.columbia.edu/cgi-bin/cul/resolve?clio9059987.001</a>
Public note Full text available from Safari Technical Books (Current File)
856 40 - ELECTRONIC LOCATION AND ACCESS
Uniform Resource Identifier <a href="http://www.columbia.edu/cgi-bin/cul/resolve?clio9059987.002">http://www.columbia.edu/cgi-bin/cul/resolve?clio9059987.002</a>
Public note Full text available from ScienceDirect Computer Science eBook Collection 2011
910 ## - USER-OPTION DATA (OCLC)
User-option data Library of Congress record
942 ## - ADDED ENTRY ELEMENTS (KOHA)
Source of classification or shelving scheme
Koha item type Book
Holdings
Withdrawn status Lost status Damaged status Not for loan Collection code Permanent Location Current Location Shelving location Date acquired Source of acquisition Cost, normal purchase price Total Checkouts Total Renewals Full call number Barcode Date last seen Date last checked out Price effective from Koha item type Checked out
          Central Library (CL) Central Library (CL) First Floor - Artificial Intelligence/Data Mining 07/03/2013 Allied Book Company 796.08 8 1 006.312 HAN SEECS012497 10/13/2023 06/27/2019 07/09/2013 Book  
          Central Library (CL) Central Library (CL) First Floor - Artificial Intelligence/Data Mining 02/23/2016 Allied Book Company 746.50 8 2 006.312 HAN SEECS013371 05/23/2025 02/02/2023 02/23/2016 Book  
          Central Library (CL) Central Library (CL) First Floor - Artificial Intelligence/Data Mining 02/23/2016 Allied Book Company 746.50 3 1 006.312 HAN SEECS013370 03/10/2021 03/10/2021 02/23/2016 Book 07/08/2021
          Central Library (CL) Central Library (CL) First Floor - Artificial Intelligence/Data Mining 02/23/2016 Allied Book Company 746.50 4 3 006.312 HAN SEECS013369 09/12/2025 09/12/2025 02/23/2016 Book 10/12/2025
          Central Library (CL) Central Library (CL) First Floor - Artificial Intelligence/Data Mining 02/23/2016 Allied Book Company 746.50 9 3 006.312 HAN SEECS013367 05/14/2025 05/14/2025 02/23/2016 Book 07/30/2025
© 2023 Central Library, National University of Sciences and Technology. All Rights Reserved.